LEADER 01171nam0-22003251i-450- 001 990002037520403321 005 20021010 035 $a000203752 035 $aFED01000203752 035 $a(Aleph)000203752FED01 035 $a000203752 100 $a20021010d--------km-y0itay50------ba 101 0 $aita 200 1 $a<>Syrphidae of the Ethiopian Region based on material in the collection of the British Museum (Natural History) withdescription of new genera and species$fMario Bezzi 210 $aNew York$cJohnson Reprint Corporation$d1966 (Ed. orig.$cLondon$cBritish Mseum$d1916) 215 $a146 p.$d22 cm 610 0 $aDitteri 610 0 $aDitteri, Africa 610 0 $aDiptera, Syrphidae 610 0 $aDiptera, Syrphoidea 676 $a595.77 700 1$aBezzi,$bMario$f<1868-1927>$086579 801 0$aIT$bUNINA$gRICA$2UNIMARC 901 $aBK 912 $a990002037520403321 952 $a61 V C.7/086$b3345$fDAGEN 959 $aDAGEN 996 $aSyrphidae of the Ethiopian Region based on material in the collection of the British Museum (Natural History) withdescription of new genera and species$9407349 997 $aUNINA DB $aING01 LEADER 01674nam 2200397Ia 450 001 996387199003316 005 20200824132306.0 035 $a(CKB)4940000000085264 035 $a(EEBO)2248547260 035 $a(OCoLC)ocm33150688e 035 $a(OCoLC)33150688 035 $a(EXLCZ)994940000000085264 100 $a19950918d1603 uy | 101 0 $aeng 135 $aurbn||||a|bb| 200 10$aBy the King$b[electronic resource] $eforasmuch as the Kings Maiestie, in his princely disposition to iustice hauing euer a speciall care and regard to haue repressed the slaughters, spoyles, robberies and other enormities which were so frequent and common vpon the borders of these realmes .. 210 $aImprinted at London $cBy Robert Barker, Printer to the Kings most Excellent Maiestie$dAnno Dom. 1603 215 $a1 sheet ([1] p.) 300 $aDeclaring England and Scotland to be united, and ordering peace along the border. 300 $a"Giuen under our Signet at our Manour of Greenewich, the nineteenth of May, 1603." 300 $aReproduction of original in: Society of Antiquaries. 330 $aeebo-0147 606 $aBrigands and robbers$zGreat Britain 607 $aGreat Britain$xHistory$yJames I, 1603-1625 607 $aScottish Borders (England and Scotland) 607 $aWelsh Borders (England and Wales) 608 $aBroadsides$zLondon (England)$y17th century.$2rbgenr 615 0$aBrigands and robbers 701 $aJames$cKing of England,$f1566-1625.$01001019 801 0$bEBK 801 1$bEBK 801 2$bWaOLN 906 $aBOOK 912 $a996387199003316 996 $aBy the King$92299281 997 $aUNISA